01431cam a22003617a 4500003000500000005001700005008004100022010000800063011000900071035000800080040000900088090001000097100004600107245011100153260004000264300002200304502006900326590003700395590004100432590004100473590004100514590004100555590004200596650003600638650002900674901000700703942000900710949004000719949004500759999001300804952012500817952012700942CHAP20220329132947.0971013s1990 r 00010 d a680 a1652 a828 cCHAP aTesis00aGonzález Guerrero, Juan Antonio.949006 0aEvaluación de la regeneración de Pinus cembroides Zucc. en condiciones naturales en la Amapola, S.L.P. aChapingo, Méx. :bEl autor,c1990 a79 h.b: gráfs. aTesis (Ing. Forestal) -- UACH. División de Ciencias Forestales aALEPHb10c20130110lUCH01h1206 aBATCH-UPDb10c20130110lUCH01h0144 aBATCH-UPDb10c20130110lUCH01h1617 aBATCH-UPDb10c20130410lUCH01h1011 aBATCH-UPDb10c20130914lUCH01h0705 aCONVERSIONb10c20130109lUCH01h130214aBosquesxRegeneración.91437714aPinus cembroides.988325 aBK cFOLL bBCcTESd-10287eTS1h22728i828si bBCcTESd-68476eTS2fc.2h22728i828si c680d680 00102local4053708TESISaBCbBCcPA_TESISd2019-12-31fTESISl0p-68476r2019-12-31 00:00:00tc.2w2019-12-31yTESIS 00102local4051708TESISaBCbBCcPA_TESISd2019-12-31fTESISl0oTesisp-10287r2019-12-31 00:00:00w2019-12-31yTESIS